Harry Potter 1 Scenes Mixed Up - Statistics

General Stats
  • This quiz has been taken 85 times
  • The average score is 6 of 17
Answer Stats
Hint Explanation Answer % Correct
Chapter 2 The Vanishing Glass
66%
Chapter 3 The Letters from No One
66%
Chapter 4 The Keeper of the Keys
64%
Chapter 1 The Boy Who Lived
57%
Chapter 6 The Journey from Platform Nine and Three-quarters
49%
Chapter 5 Diagon Alley
49%
Chapter 7 The Sorting Hat
43%
Chapter 9 The Midnight Duel
36%
Chapter 15 The Forbidden Forest
34%
Chapter 17 The Man with Two Faces
34%
Chapter 8 The Potions Master
34%
Chapter 16 Through the Trapdoor
23%
Chapter 10 Halloween
19%
Chapter 11 Quidditch
15%
Chapter 12 The Mirror of Erised
15%
Chapter 13 Nicolas Flamel
11%
Chapter 14 Norbert the Norwegian Ridgeback
6%
No matching quizzes found
Score Distribution
Percent of People with Each Score
Percentile by Number Answered
Your Score History
You have not taken this quiz